[Event "Czestochowa YAWAL op"]
[Site "Czestochowa"]
[Date "1994.??.??"]
[Round "4"]
[White "Kaleta, T."]
[Black "Nocun, Boguslaw"]
[Result "0-1"]
[WhiteElo "1800"]
[BlackElo "2000"]
[PlyCount "82"]
[EventDate "1994.??.??"]
[EventType "swiss"]
[EventRounds "9"]
[EventCountry "POL"]
[SourceTitle "EXT 2006"]
[Source "ChessBase"]
[SourceDate "2005.11.24"]
[SourceVersion "1"]
[SourceVersionDate "2005.11.24"]
[SourceQuality "1"]

1. d4 c5 2. d5 Nf6 3. c4 b5 4. cxb5 a6 5. Nc3 axb5 6. Nxb5 Ba6 7. Nc3 d6 8. e4 Bxf1 9. Kxf1 g6 10. Nf3 Nbd7 11. g3 Bg7 12. Kg2 0-0 13. Nd2 Nb6 14. Qe2 Nfd7 15. Nf1 Na4 16. Qc2 Nxc3 17. bxc3 Qa5 18. Bd2 Qa4 19. Ne3 Qxc2 20. Nxc2 Ra4 21. f3 Rfa8 22. a3 Ne5 23. Rhb1 Nc4 24. Be1 f5 25. exf5 gxf5 26. Rb3 Kf7 27. Kf2 Ne5 28. Ke2 Bh6 29. h3 Nc4 30. f4 Na5 31. Rbb1 Nc4 32. Rb3 Na5 33. Rb2 Bg7 34. Ne3 Re4 35. Bd2 Nc4 36. Rb3 Nxe3 37. Bxe3 c4 38. Rbb1 Bxc3 39. Kf3 Bxa1 40. Rxa1 c3 41. g4 c2 0-1